banner koha

Tamanho ótimo de parcela para avaliação da massa e diâmetro de cabeças de brócolis (Registro n. 299964)

MARC details
000 -LÍDER
fixed length control field 02836nab a2200301 i 4500
003 - CÓDIGO MARC DA AGÊNCIA CATALOGADORA
Campo de controle BR-BrBNA
005 - DATA E HORA DA ÚLTIMA ATUALIZAÇÃO
Campo de controle 20240607143349.0
008 - CAMPO DE TAMANHO FIXO
fixed length control field 240607b2016 bl.mr|pooa||| 00| 0 por |
040 ## - FONTE DA CATALOGAÇÃO
Agência catalogadora BR-BrBNA
Idioma da catalogação por
072 ## - CATEGORIA AGRIS
Código AGRIS F01
Código do objeto 1623
100 ## - ENTRADA PRINCIPAL - NOME PESSOAL
Nome pessoal Brum, Betania
100 ## - ENTRADA PRINCIPAL - NOME PESSOAL
Nome pessoal Brandelero, Fernanda Daniela
100 ## - ENTRADA PRINCIPAL - NOME PESSOAL
Nome pessoal Vargas, Thiago de Oliveira
100 ## - ENTRADA PRINCIPAL - NOME PESSOAL
Nome pessoal Storck, Lindolfo
100 ## - ENTRADA PRINCIPAL - NOME PESSOAL
Nome pessoal Zanini, Pedro Paulo Gonçalves
245 ## - TÍTULO PRINCIPAL
Título principal Tamanho ótimo de parcela para avaliação da massa e diâmetro de cabeças de brócolis
500 ## - NOTA GERAL
Nota geral Publicação on-line; 19 ref.; 3 tables; Sumaries (Pt, En)
942 ## - ADDED ENTRY ELEMENTS (KOHA)
Koha item type
520 ## - NOTA DE RESUMO
Nota de conteúdo <br/><br/>RESUMO - O objetivo deste trabalho foi determinar o tamanho ótimo de parcela (Xo), por amostragem na área total e nas frações de áreas, a fim de avaliar a massa e o diâmetro de cabeças de brócolis. Em campo, foram demarcadas 27 filas do híbrido BRO 68®. Cada planta foi considerada como sendo uma unidade experimental básica (UEB). Para fins de análise, cada fila foi considerada como sendo um ensaio em branco com 100 UEB. Para os resultados das 27 filas, obtiveram-se os valores: mínimo, máximo, média, desvio padrão, CV, intervalo de confiança, o tamanho de amostra (número de filas) para estimar o Xo e para estimar a média. O tamanho ótimo de parcela para avaliar a massa e diâmetro de cabeças de brócolis é igual a cinco unidades experimentais básicas (plantas).<br/><br/>Palavras-chave: Brassica oleracea var. italica, variação espacial, amostragem, planejamento experimental.
520 ## - NOTA DE RESUMO
Nota de conteúdo <br/><br/>ABSTRACT - The objective of this study was to determine the optimum plot size by sampling the total area and the fractions’ areas in order to evaluate the mass and diameter of broccoli heads. In the field, 27 rows of hybrid BRO 68® were demarcated. Each plant was considered as an experimental basic unit (UEB). For analysis purposes, each row was regarded as being one blank test on 100 UEB. For the results of 27 rows yielded values: minimum, maximum, average, standard deviation, CV, confidence interval, the sample size (number of rows) to estimate Xo and to estimate the mean. The optimum plot size to evaluate the mass and diameter of broccoli heads equals five basic experimental units (plants). <br/><br/>Key words: Brassica oleracea var. italica, spatial variation, sampling, experimental design.
650 ## - ASSUNTO - THESAGRO
Cabeçalho tópico ou nome geográfico BROCOLO
650 ## - ASSUNTO - THESAGRO
Cabeçalho tópico ou nome geográfico PARCELA EXPERIMENTAL
650 ## - ASSUNTO - THESAGRO
Cabeçalho tópico ou nome geográfico AMOSTRAGEM
650 ## - ASSUNTO - THESAGRO
Cabeçalho tópico ou nome geográfico PRODUTIVIDADE
773 0# - ENTRADA ANALÍTICA
Host Biblionumber 2408
Registro do item 314925
Imprenta Santa Maria-RS Universidade Federal de Santa Maria - Centro de Ciências Rurais 1991
Outro identificador 2024-1176
Título Ciência Rural (Brazil)
ISSN 0103-8478
Colação v. 46(3) p. 447-463; (2016)
Número de controle de registro BR2024000998
856 ## - ACESSO E ENDEREÇO ELETRÔNICO
Identificador uniforme de recurso - URI https://www.scielo.br/j/cr/a/pxDpdQksnbBfLwjSkdhH56H/?format=pdf&lang=pt

Nenhum exemplar disponível.

BINAGRI

Telefone: (61)3218-2567/2388/3357/2097 - binagri@agro.gov.br

Ministério da Agricultura e Pecuária , Esplanada dos Ministérios, Bloco D, Anexo B, Brasília/DF, CEP: 70.043-900